[Event "USA-ch Juniors 2020"]
[Site "Saint Louis"]
[Date "2020.10.13"]
[Round "1.1"]
[White "Yoo, Christopher Woojin"]
[Black "Sevian, Samuel"]
[Result "1/2-1/2"]
[WhiteElo "2455"]
[BlackElo "2660"]
[Annotator "TA"]
[PlyCount "136"]
[EventDate "2020.10.13"]
[EventType "tourn"]
[EventCountry "USA"]
[SourceTitle "playchess.com"]
[Source "ChessBase"]
[SourceQuality "1"]

{[%evp 9,136,10,12,2,12,18,24,15,33,24,27,10,10,14,18,9,17,0,35,36,67,58,67,61,75,62,69,66,93,85,87,56,100,98,97,102,102,104,111,58,67,67,78,65,78,55,27,35,46,46,69,31,42,30,119,72,235,66,79,56,77,16,15,19,17,18,89,89,86,81,87,59,59,63,63,52,52,23,23,23,110,121,114,118,120,135,111,104,104,104,104,104,104,104,104,0,104,104,104,104,104,104,104,41,41,41,104,104,104,104,104,104,104,104,104,104,104,104,22,0,65,0,104,104,104,104,104,0,104]} 1. d4 Nf6 2. Nf3 d5 3. c4 e6 4. Nc3 Bb4 5. Qb3 c5 6. Bg5 {D38: Queen's Gambit Declined: Ragozin Defence (4 Nf3 Bb4).} Nc6 7. dxc5 dxc4 8. Qxc4 {White has an edge.} Qa5 9. Bxf6 gxf6 10. Rc1 {[%cal Ba1c1,Bc1c2,Bc2b2][%mdl 32]} Qxc5 11. Qh4 Ke7 12. g3 Bxc3+ 13. bxc3 Qa3 {[%cal Ra3c1]} 14. Rc2 e5 15. Bh3 Bxh3 16. Qxh3 Qa4 17. Rb2 (17. Rd2 $6 Rhd8 $11) 17... b6 18. Nh4 ({Reject} 18. Rd2 Rhd8 $11) 18... h5 19. O-O Rad8 20. Qg2 Qc4 {[#]} 21. Qf3 $146 ({Predecessor:} 21. Nf5+ Kf8 22. Qf3 Ne7 23. Nxe7 Kxe7 24. h4 Ke6 25. a3 f5 26. Rb4 Qd5 27. Kg2 {½-½ (62) Brynell,S (2424)-Hagen,A (2396) Denmark 2016}) 21... Qe6 22. e4 Qg4 {With the idea ...Qxf3.} 23. Qe3 Qd7 24. f4 (24. c4 $16) 24... Kf8 $14 25. Rbf2 {fxe5 is the strong threat.} Qd3 26. Qe1 Rd6 27. fxe5 Nxe5 28. Rxf6 Rxf6 29. Rxf6 {Hoping for Rf5.} Ke7 30. Rf5 (30. Rf1 $5 {[%cal Re1c1]}) 30... Ke6 $1 31. Rf1 Nc4 (31... Rc8 $11) 32. Nf5 Qd2 $2 (32... Nd2 $16 33. Nd4+ Ke7) 33. Nd4+ $2 (33. Qb1 $18 Qxc3 34. Qd1 (34. Qb5 Ne3 $16)) 33... Ke7 34. Nc6+ Kd6 {White must now prevent ...Qxe1.} 35. Nxa7 (35. Qxd2+ $16 Nxd2 36. Rf6+ Kc5 37. Nxa7 Nxe4 38. Rxf7) 35... Qxe1 $11 36. Rxe1 $16 {[%mdl 4096] Endgame KRN-KRN} Ra8 37. Nb5+ Ke5 (37... Kc5 $11 38. Nd4 Rxa2) 38. Re2 Ra5 39. Nd4 {Strongly threatening Nc6+.} Ra3 40. Nb3 Nd6 41. Nd2 Rxc3 42. Kf2 Nc4 43. Nxc4+ Rxc4 $14 {KR-KR} 44. Kf3 f5 (44... Rb4 $11) 45. exf5+ $16 Kxf5 46. Rb2 Rc3+ {[#]} 47. Kg2 $1 Rc6 48. h4 Kg6 49. a4 Rf6 50. Rb4 Kh6 51. Rf4 Rc6 52. Rb4 Rf6 $1 53. Rb5 Kg6 54. Rb2 Kh6 55. Rf2 Rc6 {[#]} 56. Rf4 (56. Kh3 $1 $16) 56... Rc2+ $1 $14 57. Kh3 {And now Rf6+ would win.} Rc6 ({Black should try} 57... Ra2 $14) 58. Rf7 Kg6 59. Rb7 Rf6 60. Kg2 Kh6 61. Rb8 Kg6 62. Kh3 Rc6 63. Rg8+ Kh6 64. Rb8 Kg6 65. Kg2 Rf6 $1 66. Rc8 Kh6 67. Rc4 Kg6 68. Rb4 Kh6 $1 {Av CentiPawn Loss W=-9/B=-16. Weighted=-12/-19} 1/2-1/2

[Event "USA-ch Juniors 2020"]
[Site "Saint Louis"]
[Date "2020.10.13"]
[Round "1.2"]
[White "Tiglon, Bryce"]
[Black "Sheng, Joshua"]
[Result "0-1"]
[WhiteElo "2393"]
[BlackElo "2474"]
[Annotator "TA"]
[PlyCount "108"]
[EventDate "2020.10.13"]
[EventType "tourn"]
[EventCountry "USA"]
[SourceTitle "playchess.com"]
[Source "ChessBase"]
[SourceQuality "1"]

{[%evp 13,108,17,30,19,57,55,40,41,45,37,67,58,129,143,222,223,254,254,243,231,234,-59,-32,-103,-99,-79,-69,-121,-120,-163,-113,-108,-100,-132,-75,-78,-3,-3,-3,-1,0,0,0,-16,-17,-127,-18,-45,-44,-94,0,-14,-22,-103,-93,-268,-272,-257,-262,-267,-274,-277,-269,-264,-277,-258,-225,-654,-581,-948,-851,-1175,-1171,-1321,-1302,-1316,-1229,-1734,-1704,-29976,-1623,-29982,-29983,-29983,-29977,-29977,-29978,-29972,-29978,-29981,-29982,-29982,-29983,-29984,-29983,-29985,-29986]} 1. e4 c6 2. d4 d5 3. e5 Bf5 4. Nf3 e6 5. Be2 Ne7 6. c3 h6 7. O-O Nd7 8. a4 {B12: Caro-Kann: Advance Variation.} a5 9. b3 g5 10. Na3 {[#] White is slightly better.} Bg7 $146 ({Predecessor:} 10... Qb6 11. c4 Bg7 12. cxd5 exd5 13. Bd3 Bxd3 14. Qxd3 Qa6 15. Qd2 f6 16. e6 Nf8 {1-0 (55) Steiger,W (2372)-Ballow,J (2389) ICCF email 2012}) 11. Nc2 O-O 12. Ne3 Bg6 (12... Be4 $14) 13. h4 $1 $16 c5 (13... gxh4 $16 14. Nxh4 c5) 14. hxg5 $18 hxg5 15. Nxg5 cxd4 16. cxd4 Nc6 17. Nh3 $2 {[#]} (17. f4 $18) 17... Nxd4 $1 $15 {[%mdl 512]} 18. Qxd4 (18. Ng4 $15 Nxe5 19. Bg5) 18... Bxe5 $17 19. Qg4 {Black must now prevent Ra2.} Bxa1 20. Ba3 (20. Nf4 $15 Nf6 21. Qh3) 20... Bg7 21. Bxf8 Qxf8 22. Nf4 Ne5 23. Qg3 Rc8 (23... Qb4 $142 24. Bg4 Qe4) 24. Ng4 {[#] With the idea Nxe5.} Qb4 (24... Nd7 $1 $17) 25. Nxd5 $1 $11 exd5 26. Nxe5 Rc3 27. Qg5 Be4 $36 {[%mdl 2048] ...f6 is the strong threat. Black has good play.} 28. Bg4 Qd6 29. Nf3 {[#]} (29. Nd7 $11 {was the only way to keep the balance.}) 29... Kf8 ({Don't do} 29... Rxb3 30. Nd2 $15) ({Black should try} 29... Qf6 $1 $17 {[%cal Rc3f3] Threatens to win with ...Rxf3.} 30. Qxf6 Bxf6) 30. Rd1 Qf6 {[%cal Rc3f3] aiming for ...Rxf3.} 31. Qd2 Qg6 (31... Bh6 $17 32. Qb2 Kg8) 32. Qf4 Bf6 33. Kf1 (33. Nd4 $1 $11) 33... Kg7 34. Nd2 $2 (34. Nd4 $17 {was worth a try.}) 34... Bc2 $19 35. Re1 Qg5 ({Less strong is} 35... Bxb3 36. Nxb3 Rxb3 37. Bd7 $17) 36. Qxg5+ Bxg5 37. Nf3 Bf6 38. Nd2 Rd3 39. Re2 {intending Bf5.} Bc3 40. Ke1 $2 (40. Bf5 Bxd2 41. g4) 40... Bxb3 41. Bf5 Rd4 42. f3 Bxa4 43. Bb1 b5 {[%cal Bb7b5,Bb5b4,Bb4b3][%mdl 32]} 44. g4 b4 45. g5 b3 46. g6 fxg6 (46... Bb5 $142 47. Rh2 a4 48. Rh7+ Kg8 49. gxf7+ Kf8 50. Rh8+ Kxf7 51. Rh7+ Kf6 52. Rc7 Bxd2+ 53. Kf2 a3 54. Ra7 Ra4 55. Rxa4 Bxa4 56. Ke2 Bf4 57. Bd3 a2 58. Kf1 b2 59. Kg1 b1=Q+ {[%mdl 64] Double Attack} 60. Kf2 a1=Q 61. Bxb1 Qxb1 62. Kg2 Qe1 63. Kh3 Qg3#) 47. Rg2 Rxd2 {Black mates.} 48. Rxd2 Bxd2+ 49. Kxd2 {[%mdl 4096] Endgame KB-KB} Bb5 50. Kc3 Bc4 51. f4 Kf6 52. Kb2 d4 53. Be4 a4 54. Ka3 d3 {Black used his chance. Av CentiPawn Loss W=-104/B=-43. Weighted=-105/-37} 0-1

[Event "USA-ch Juniors 2020"]
[Site "Saint Louis"]
[Date "2020.10.13"]
[Round "1.3"]
[White "Burke, John M"]
[Black "Xiong, Jeffery"]
[Result "0-1"]
[WhiteElo "2538"]
[BlackElo "2709"]
[Annotator "TA"]
[PlyCount "138"]
[EventDate "2020.10.13"]
[EventType "tourn"]
[EventCountry "USA"]
[SourceTitle "playchess.com"]
[Source "ChessBase"]
[SourceQuality "1"]

{[%evp 14,138,48,53,62,27,30,0,9,-6,-6,-6,0,0,0,0,13,0,0,0,8,4,11,16,60,55,81,72,77,81,93,94,137,59,60,41,57,0,28,0,0,-38,-54,-42,-29,-50,-51,-157,-76,-126,-122,-121,-124,-117,-118,-120,-112,-115,-89,-97,-80,-199,-189,-147,-161,-181,-187,-192,-127,-208,-196,-209,-168,-216,-198,-191,-180,-169,-183,-248,-242,-258,-235,-243,-243,-222,-221,-509,-510,-495,0,0,0,-502,-487,-488,-483,-808,-820,-797,-787,-741,-749,-663,-646,-1384,-1317,-1329,-1287,-1244,-1274,-1145,-1012,-866,-1033,-1519,-1524,-1976,-1752,-29978,-29978,-29987,-29986,-29987,-29988,-29989,-29990]} 1. e4 Nf6 2. e5 Nd5 3. d4 d6 4. Nf3 dxe5 5. Nxe5 g6 6. Bc4 c6 {6...Be6 might become the main line. Played by Magnus Carlsen in September 2020.} 7. O-O Bg7 8. Bb3 O-O {B04: Alekhine's Defence: 4 Nf3.} 9. Nd2 {[%cal Bb1d2,Bd2f3,Bf3e5][%mdl 32]} a5 {[%cal Ba7a5,Ba5a4][%mdl 32]} 10. a3 Nd7 {The position is equal.} 11. Ndf3 Nxe5 12. Nxe5 a4 13. Ba2 Be6 {[#]} 14. Re1 $146 ({Predecessor:} 14. Qe2 Qc7 15. Bxd5 Bxd5 16. Bf4 Qc8 17. Rfe1 Qf5 18. Qd2 g5 19. Bg3 b5 20. Rad1 {0-1 (41) Braunton,R-Clifford,J BFCC corr 2001}) 14... Qc8 15. Qf3 Nc7 16. c4 Rd8 17. Qe3 Ne8 18. Bd2 Nd6 19. d5 cxd5 20. cxd5 Bf5 21. Rac1 Qb8 22. Bc3 Qa7 {Threatening ...Qxe3.} 23. Bd4 ({White should try} 23. Qf4 $16) 23... Qa6 $14 24. Rc7 {aiming for Nxf7!} Re8 $1 25. Rcc1 (25. Bc3 $14) 25... Rac8 26. h3 Qb5 27. f3 Bc2 28. Bc3 Bb3 29. Bxb3 Qxb3 30. Red1 (30. Rcd1 $15) 30... Red8 (30... Nb5 $142 31. f4 Nxc3 32. bxc3 Red8) 31. Rd3 Nf5 $36 {[%mdl 2048] White is under strong pressure.} 32. Qe4 Ng3 $1 {[%cal Rg3e4]} ({But not} 32... Qb6+ $6 33. Kh2 $15) 33. Qe1 Rxd5 34. Rxd5 Qxd5 35. Nxf7 Kxf7 (35... Rxc3 {feels hotter.} 36. bxc3 Nh5 37. Rd1 Qc5+ 38. Qf2 Qxf2+ 39. Kxf2 Kxf7 40. Rb1 Nf4) 36. Qxg3 Bxc3 37. Rxc3 (37. Qf4+ $17 Qf5 38. Qxf5+ gxf5 39. Kf1) 37... Rxc3 $19 38. bxc3 $17 {[%mdl 4096] Endgame KQ-KQ} Qc5+ 39. Kh1 Qxa3 {Hoping for ...Qc1+.} 40. Qf4+ Ke6 $1 41. Qe4+ (41. Qc4+ $17 Kd7 42. Qd5+ Kc7 43. Qc4+ Kd6 44. Qd4+ Kc7 45. Qf4+ Kd7 46. Qd4+ Kc7 47. Qf4+ Kc6 48. Qe4+ Kd6 49. Qd4+ Kc7) 41... Kd6 $1 $19 42. Qd4+ Kc6 43. Qe4+ Kb6 44. Qd4+ Ka6 {And now ...Qb3 would win.} 45. Qc4+ {[#]} Ka7 $1 46. Qd4+ {[#]} (46. Qb5 $142) 46... b6 $1 47. Qd7+ Ka6 48. Qc6 {If White can now play c4 this consolidates a bit.} Ka5 49. Qa8+ Kb5 50. Qd5+ $2 (50. Qe8+ Kc4 51. Qc6+ Kd3 52. Qxb6) 50... Qc5 51. Qd7+ Ka5 52. Qa7+ Kb5 53. Qd7+ {White is on the road to losing.} Qc6 54. Qd3+ Ka5 55. Qd4 (55. Qc2 $142 Qc4 56. Qc1) 55... Qc5 {Strongly threatening ...Qxd4.} 56. Qd7 a3 57. Qa7+ Kb5 58. Qd7+ Kc4 59. Qe6+ Kxc3 60. Qe1+ Kb3 61. Qb1+ Ka4 62. Qd1+ Ka5 63. Qd2+ Ka6 64. Qd3+ b5 {( -> ...a2)} 65. Qe2 e5 66. h4 Qd4 {Black mates.} 67. Qc2 Qxh4+ 68. Kg1 Qc4 69. Qd1 Qd4+ {Av CentiPawn Loss W=-75/B=-4. Weighted=-66/-12} 0-1

[Event "USA-ch Juniors 2020"]
[Site "Saint Louis"]
[Date "2020.10.13"]
[Round "1.4"]
[White "Shen, Christopher"]
[Black "Balakrishnan, Praveen"]
[Result "0-1"]
[WhiteElo "2354"]
[BlackElo "2485"]
[Annotator "TA"]
[PlyCount "114"]
[EventDate "2020.10.13"]
[EventType "tourn"]
[EventCountry "USA"]
[SourceTitle "playchess.com"]
[Source "ChessBase"]
[SourceQuality "1"]

{[%evp 23,114,10,9,0,0,-8,13,0,-8,-23,0,0,58,2,3,0,35,40,46,0,0,0,11,0,86,-60,0,0,0,0,7,0,0,0,0,0,127,0,0,-422,-406,-405,-283,-283,-283,-275,-265,-278,-252,-287,-296,-279,-283,-356,-344,-437,-437,-472,-452,-717,-697,-671,-665,-864,-592,-862,-816,-836,-825,-829,-810,-1001,-909,-891,-795,-786,-785,-5289,-995,-5117,-596,-1136,-650,-5690,-5639,-29985,-29985,-29989,-29990,-29993,-29994,-29996,-29993]} 1. Nf3 c5 2. c4 Nf6 3. g3 b6 4. Bg2 Bb7 5. Nc3 e6 6. O-O Be7 7. b3 O-O 8. Bb2 d5 9. e3 dxc4 10. bxc4 Qc8 11. Qe2 Nc6 12. d3 Rd8 13. Rad1 {[#] A14: English Opening: 1...e6 with b3 by White.} a6 $146 ({Predecessor:} 13... Ne8 14. Ne1 a6 15. Ba1 Na5 16. f4 Bxg2 17. Nxg2 Rb8 18. f5 exf5 19. Nd5 Bf8 {1-0 (60) Gonzales,J (2383)-Nabuurs,M (2248) Bruges 2018}) 14. Ba1 Rb8 15. Rb1 {The position is equal.} Ba8 16. Ne1 Qc7 17. f4 Na7 (17... b5 $11) 18. g4 ({White should try} 18. Bxa8 $14 Rxa8 19. g4) 18... Bxg2 $11 19. Nxg2 b5 20. g5 Ne8 21. Ne4 bxc4 22. dxc4 Qc6 23. Ng3 Qa4 (23... Rxb1 $11 {remains equal.} 24. Rxb1 Qa4) 24. h4 ({White should play} 24. Rxb8 $16 Rxb8 25. f5 exf5 26. Nxf5) 24... Nd6 (24... Rxb1 $1 $15 25. Rxb1 Nd6) 25. Rbc1 Rb4 $36 {[%cal Rb4c4][%mdl 2048] Black is pushing.} 26. f5 {Hoping for fxe6.} exf5 27. Nxf5 Nxf5 28. Rxf5 Nc8 29. Nf4 Nb6 (29... Bf8 $11) 30. Qh5 (30. Rxf7 $1 $16 Bf8 31. Rf1 Kxf7 32. g6+ $1 {[%mdl 512]} hxg6 33. Qg4) 30... Qe8 $1 ({Inferior is} 30... g6 {[#]} 31. Qxh7+ $1 {[%mdl 512]} Kxh7 32. Rxf7+ Kg8 33. Rg7+ Kf8 34. Nxg6+ Ke8 35. Rxe7#) 31. Nd5 $2 {[%mdl 8192] Black converts the advantage convincingly.} (31. Rf1 $1 $11 Bf8 32. Re5) 31... Nxd5 $19 32. Rxd5 {[#]} Rxc4 $1 {[%mdl 576] Remove Defender} 33. Rxc4 Rxd5 34. Qf3 Qd7 {Threatens to win with ...Rd1+.} 35. Rc1 Bf8 36. Bc3 Rd3 37. Be5 Qe6 38. Bf4 Qxa2 39. Qe4 Qe2 40. Rf1 Qg4+ 41. Kh1 (41. Qg2 $142 Qe6 42. Qe2) 41... Qxh4+ 42. Kg1 Qg4+ 43. Kh1 Rd2 44. Qa8 Qe6 45. Qf3 c4 46. Rc1 Rd3 47. Kg1 c3 48. Rc2 Qb3 49. Qe2 Qd5 {Strongly threatening ...Rd1+.} 50. Rc1 Bc5 51. Qg4 Qe6 52. Qf3 Bxe3+ 53. Kh1 {Qa8+ would kill now.} g6 54. Re1 c2 {Black mates.} 55. Bxe3 {[#]} Rxe3 $1 {[%mdl 512]} 56. Qa8+ (56. Rxe3 c1=Q+) 56... Kg7 57. Rc1 Re1+ {Av CentiPawn Loss W=-145/B=-82. Weighted=-157/-86} 0-1

[Event "USA-ch Juniors 2020"]
[Site "Saint Louis"]
[Date "2020.10.13"]
[Round "1.5"]
[White "Checa, Nicolas"]
[Black "Jacobson, Brandon"]
[Result "1/2-1/2"]
[WhiteElo "2527"]
[BlackElo "2487"]
[Annotator "TA"]
[PlyCount "66"]
[EventDate "2020.10.13"]
[EventType "tourn"]
[EventCountry "USA"]
[SourceTitle "playchess.com"]
[Source "ChessBase"]
[SourceQuality "1"]

{[%evp 11,66,-18,-14,-13,-18,-34,-37,-70,-75,-62,-50,-39,-7,-1,33,34,36,28,36,35,24,26,30,28,41,15,31,42,44,16,25,0,0,0,12,14,14,16,7,0,23,22,27,0,0,0,0,0,0,0,0,0,0,0,0,0,0]} 1. Nf3 d5 2. c4 d4 3. g3 Nc6 4. Bg2 e5 5. d3 Bb4+ 6. Bd2 a5 7. O-O {A09: Réti Opening: 1 Nf3 d5 2 c4.} Nf6 8. Bg5 O-O 9. Nbd2 {Black is slightly better.} Be7 10. a3 {[#]} Be6 $146 ({Predecessor:} 10... a4 11. Ne1 h6 12. Bxf6 Bxf6 13. Nc2 Be7 14. b4 axb3 15. Nxb3 Na5 16. Nd2 Be6 17. Rb1 {0-1 (94) Maghsoodloo,P (2666)-Bosiocic,M (2618) Bandar e Anzali 2019}) 11. Qb3 Ra7 12. e3 Nd7 (12... a4 {feels hotter.} 13. Qc2 h6 14. Bxf6 Bxf6 15. exd4 Nxd4 16. Nxd4 Qxd4 17. Rfe1 Rd8) 13. Bxe7 Qxe7 14. exd4 Nxd4 15. Nxd4 exd4 16. Rfe1 Nc5 17. Qc2 a4 18. Ne4 c6 19. Nxc5 Qxc5 20. Qd2 b5 21. cxb5 Qxb5 22. Rac1 c5 23. Re5 Rc7 24. Bd5 Bxd5 25. Rxd5 Rfc8 26. Rc4 Qb3 27. Qc2 (27. h4 {keeps more tension.} h6 28. Qe2 Kh8 29. Re5 Kh7 30. Kh2) 27... Qxc2 {The position is equal.} 28. Rxc2 $11 {[%mdl 4096] Endgame KRR-KRR} g6 29. Rd6 Rb8 30. Kg2 Rb3 31. Rxd4 cxd4 32. Rxc7 Rxb2 33. Rc4 Rb3 {[%mdl 64] Double Attack. Av CentiPawn Loss W=-4/B=-5. Weighted=-3/-6} 1/2-1/2

[Event "USA-ch Juniors 2020"]
[Site "Saint Louis"]
[Date "2020.10.13"]
[Round "2.1"]
[White "Sevian, Samuel"]
[Black "Jacobson, Brandon"]
[Result "0-1"]
[WhiteElo "2660"]
[BlackElo "2487"]
[Annotator "TA"]
[PlyCount "106"]
[EventDate "2020.10.13"]
[EventType "tourn"]
[EventCountry "USA"]
[SourceTitle "playchess.com"]
[Source "ChessBase"]
[SourceQuality "1"]

{[%evp 9,106,33,52,32,41,24,31,27,20,15,27,21,41,34,31,18,38,12,36,30,48,45,52,52,117,33,56,33,26,33,33,26,41,0,23,31,34,-50,0,-115,-123,-334,-325,-304,-308,-346,-349,-334,-331,-334,-331,-302,-324,-409,-403,-400,-391,-391,-398,-410,-269,-354,-174,-452,-420,-529,-497,-491,-481,-2225,-2207,-1722,-725,-724,-711,-677,-697,-752,-726,-789,-745,-774,-767,-1691,-1610,-1454,-1460,-1358,-1313,-29977,-29978,-29980,-29981,-29989,-29990,-29990,-29991,-29991,-29992]} 1. Nf3 d5 2. g3 Nd7 3. d4 Nb6 4. Bg2 Bf5 5. O-O Nf6 6. b3 {D02: 1 d4 d5 2 Nf3 sidelines, including 2...Nf6 3 g3 and 2...Nf6 3 Bf4.} c6 7. Bb2 h6 8. Nbd2 {White is slightly better.} e6 9. c4 {[#]} a5 $146 ({Predecessor:} 9... Be7 10. Rc1 O-O 11. e3 a5 12. Qe2 Ne4 13. Ne5 Nxd2 14. Qxd2 a4 15. c5 Nd7 {½-½ (55) Svidler,P (2723)-Sevian,S (2660) chess.com INT 2020}) 10. Ne5 Be7 11. f3 $36 {[%mdl 2048] White has good play.} O-O 12. e4 Bh7 $1 13. Kh1 Bb4 14. c5 Bxd2 15. Qxd2 Nbd7 16. Nxd7 Qxd7 ({Black should play} 16... Nxd7 $14 17. Bc3 Bg6) 17. Qe3 (17. e5 $16 Ne8 18. a4) 17... a4 18. b4 a3 19. Bc3 (19. Bxa3 dxe4 20. Bb2 Qd5 $15) 19... Ne8 20. e5 Nc7 21. g4 Nb5 22. Be1 Qe7 23. Bg3 ({White should try} 23. Rd1 $14) 23... Ra4 (23... Qg5 $5 {[%cal Rg5e3]} 24. Bf4 Qg6 $15) 24. Qd2 (24. Qb3 $11 {remains equal.} Rfa8 25. Rfd1) 24... Qg5 $17 25. Qd1 $2 {This move loses the game for White.} (25. Bf4 $17 Qg6 26. Rf2) 25... Rxb4 $19 26. f4 Qd8 27. f5 Rxd4 28. Qf3 {[#]} h5 $1 29. f6 (29. gxh5 Bxf5) 29... Be4 ({Don't do} 29... Rxg4 30. fxg7 Kxg7 31. h3 $19) ({Less strong is} 29... hxg4 30. Qe3 $17) 30. Qf2 {White wants to play Bxe4.} Bxg2+ ({Wrong is} 30... hxg4 $2 31. Bxe4 Rxe4 32. fxg7 $18) 31. Kxg2 Rxg4 32. h3 Rg6 {And now ...h4 would win.} 33. Kh2 Nc3 {Strongly threatening ...Ne4.} 34. fxg7 Rxg7 35. Bh4 Ne4 (35... Qc7 $142 {Hoping for ...f5.} 36. Bf6 Ne4) 36. Qf4 $2 (36. Bxd8 Nxf2 37. Bf6) 36... Qa5 37. Rad1 {If White can now play Rg1 this consolidates a bit.} Qc3 38. Rg1 {White hopes to continue with Rxg7+.} Rg6 39. Qh6 (39. Rde1 $142 Qc2+ 40. Kh1) 39... Qc2+ {[%mdl 64] [#] Double Attack} 40. Kh1 Qxd1 {[%csl Gg6][%cal Rd1g1]} 41. Qxf8+ Kxf8 {[%csl Gg6][%cal Rd1g1]} 42. Rxd1 Nxc5 {[%mdl 4096] Endgame KRB-KRN} 43. Rb1 b5 44. Rc1 Nd3 45. Rxc6 Nxe5 46. Rb6 Nf3 {[%csl Gf3][%cal Rg6g1]} 47. Bf2 e5 48. Rxb5 d4 49. Rb3 e4 {Black mates.} 50. h4 e3 51. Bxe3 dxe3 {[%csl Gf3][%cal Rg6g1]} 52. Rb8+ Kg7 {[%csl Gf3][%cal Rg6g1]} 53. Rg8+ Kf6 {Av CentiPawn Loss W=-76/B=-38. Weighted=-68/-60} 0-1

[Event "USA-ch Juniors 2020"]
[Site "Saint Louis"]
[Date "2020.10.13"]
[Round "2.2"]
[White "Balakrishnan, Praveen"]
[Black "Checa, Nicolas"]
[Result "1-0"]
[WhiteElo "2485"]
[BlackElo "2527"]
[Annotator "TA"]
[PlyCount "77"]
[EventDate "2020.10.13"]
[EventType "tourn"]
[EventCountry "USA"]
[SourceTitle "playchess.com"]
[Source "ChessBase"]
[SourceQuality "1"]

{[%evp 21,77,52,80,68,57,57,57,49,62,3,3,7,3,0,12,0,0,0,0,0,0,0,0,0,0,0,0,0,0,0,0,0,0,0,12,17,8,14,10,8,15,13,57,43,93,101,118,79,110,110,117,61,82,54,34,62,29997,29998]} 1. e4 e6 2. d4 d5 3. Nc3 Bb4 4. e5 Ne7 5. a3 Bxc3+ 6. bxc3 b6 7. Qg4 Ng6 8. h4 h5 9. Qd1 Ba6 10. Bxa6 {10.Bg5 is not played anymore.} Nxa6 11. Bg5 Qd7 12. Ne2 {C16: French: 3 Nc3 Bb4 4 e5: Lines without ...c5.} Ne7 13. Nf4 g6 14. Bf6 {White is slightly better.} Rg8 {[#]} 15. Qe2 $146 (15. a4 $14) ({Predecessor:} 15. Qd3 Qa4 16. O-O Rc8 17. Rfd1 c6 18. f3 Kd7 19. g4 hxg4 20. fxg4 Nc5 21. dxc5 Qxf4 {1-0 (83) Bosiocic,M (2602)-Movsesian,S (2679) Moscow 2017}) 15... Qa4 $11 16. O-O c5 17. Rfd1 Rc8 18. c4 Qxc4 19. Qxc4 dxc4 20. d5 Nxd5 21. Nxd5 exd5 22. Rxd5 {[#] Intending Rad1 and mate.} Nc7 23. Rd2 {Hoping for Rad1.} c3 $1 {[%cal Rc3d2]} 24. Rd3 {Threatens to win with Rad1.} Nb5 25. Rad1 $40 {[%mdl 128] Threatening mate with Rd8+. White attacks.} (25. Kf1 {with more complications.} Nd4 26. Rad1 Rc7 27. Rxc3 Kd7 28. e6+) 25... Nd4 26. Kf1 Kd7 27. Rxc3 Rc6 28. Rcd3 {c3 is the strong threat.} Kc8 $1 29. c3 Ne6 30. f3 Rc7 31. g4 Kb7 32. Kf2 Ka6 33. Ke3 Kb5 34. Rg1 {And now gxh5 would win.} hxg4 35. fxg4 Kc4 36. Rg3 (36. Ke4 $16) 36... Kb3 37. Kf3 c4 38. Rd5 Kxc3 $2 {[%mdl 8192] [#]} (38... Rc5 $14 39. Rd1 Kc2) 39. Ke2+ {Av CentiPawn Loss W=-6/B=-44. Weighted=-9/-108} 1-0

[Event "USA-ch Juniors 2020"]
[Site "Saint Louis"]
[Date "2020.10.13"]
[Round "2.3"]
[White "Xiong, Jeffery"]
[Black "Shen, Christopher"]
[Result "1/2-1/2"]
[WhiteElo "2709"]
[BlackElo "2354"]
[Annotator "TA"]
[PlyCount "73"]
[EventDate "2020.10.13"]
[EventType "tourn"]
[EventCountry "USA"]
[SourceTitle "playchess.com"]
[Source "ChessBase"]
[SourceQuality "1"]

{[%evp 9,73,0,0,-8,0,-10,-2,3,5,4,7,0,-1,-43,-15,-6,-6,-22,33,33,23,28,29,27,28,22,41,18,27,0,9,-19,-12,-45,-45,-43,-38,-39,-36,-52,-46,-65,-42,-58,-57,-53,-52,-54,0,0,0,-15,-21,-33,0,0,0,0,0,0,0,0,0,0,0,-29]} 1. d4 Nf6 2. Nf3 g6 3. Nc3 d5 4. Bf4 Bg7 5. Nb5 Na6 6. e3 {D00: 1 d4 d5: Unusual lines.} O-O 7. h3 c6 8. Nc3 Nc7 9. Bd3 Nce8 {[#]} 10. Be5 $146 ({Predecessor:} 10. O-O Nd6 11. Re1 Bf5 12. Rc1 Rc8 13. Qe2 Nfe4 14. Nb1 Re8 15. Nbd2 f6 16. c4 {1-0 (38) Alekseenko,K (2696)-Iljiushenok,I (2516) chess.com INT 2020}) 10... Nd6 11. g4 Nfe4 12. Bxe4 Nxe4 13. Bxg7 Nxc3 (13... Kxg7 $11 14. Nxe4 dxe4) 14. Qd3 $14 Kxg7 15. Qxc3 Qd6 16. O-O-O Kg8 17. Nd2 Bd7 18. f4 Rac8 19. Nf3 f6 20. Qc5 b6 21. Qxd6 (21. Qc3 {feels hotter.} c5 22. dxc5 Rxc5 23. Qe1 Qc7 24. Rd2) 21... exd6 22. Rdg1 Kf7 23. Kd2 Rce8 24. b3 Rh8 25. Ne1 h5 26. g5 Bf5 27. Nf3 Be4 28. Rf1 Bxf3 (28... h4 $15) 29. Rxf3 $15 {[%mdl 4096] Endgame KRR-KRR} f5 30. c4 dxc4 31. bxc4 d5 32. Rc1 {The position is equal.} Rc8 33. c5 b5 34. a4 Rb8 35. axb5 Rxb5 36. Rff1 Rhb8 37. Rc2 {Av CentiPawn Loss W=-8/B=-8. Weighted=-8/-8} 1/2-1/2